Normal view
MARC view
- SUPERVISOR DR. USMAN AKRAM DR. ARSLAN SHAUKAT
Entry Corporate Name
001 - CONTROL NUMBER
- control field: 124333
003 - CONTROL NUMBER IDENTIFIER
- control field: NUST
005 - DATE AND TIME OF LATEST TRANSACTION
- control field: 20240709201959.0
008 - FIXED-LENGTH DATA ELEMENTS
- fixed length control field: 240709|| aca||aabn | a|a d
040 ## - CATALOGING SOURCE
- Original cataloging agency: NUST
- Transcribing agency: NUST
110 ## - HEADING--CORPORATE NAME
- Corporate name or jurisdiction name as entry element: SUPERVISOR DR. USMAN AKRAM DR. ARSLAN SHAUKAT
670 ## - SOURCE DATA FOUND
- Source citation: Work cat.: (NUST): PC RANA AHMAD INTISAR NS UMAR NAEEM KHOKHAR NS BILAL AHMAD 124332, PR-SOF-2384-X-RaiseA Data Driven Prompt Engineering Approach Using LLMS, 2024.
